[Event "Reykjavik Open 2024"]
[Site "Reykjavik ISL"]
[Date "2024.03.19"]
[Round "7.97"]
[White "Pozimski, Szymon"]
[Black "Glasschroeder, Maximilian"]
[Result "1-0"]
[WhiteElo "1999"]
[BlackElo "1833"]
[WhiteFideId "1138855"]
[BlackFideId "34652590"]
[EventDate "2024.03.15"]

1. Nf3 Nf6 2. c4 c5 3. g3 g6 4. b3 Bg7 5. Bb2 Nc6 6. Bg2 O-O 7. O-O d6 8. d4
cxd4 9. Nxd4 Bd7 10. Nc3 Qa5 11. Nc2 Qh5 12. e4 Bg4 13. f3 Bh3 14. Bxh3 Qxh3 15.
Qe2 Nd7 16. Nd1 Bxb2 17. Nxb2 Rfc8 18. Nd3 Nce5 19. Nf4 Qh6 20. Rad1 Nf6 21. Ne3
Nc6 22. Nfd5 Nxd5 23. Nxd5 Qg7 24. Qd2 Kf8 25. Rf2 Nd8 26. Qb4 b6 27. Rfd2 Ne6
28. Kg2 Nc7 29. Nf4 Qe5 30. Nd3 Qd4 31. Nf4 Qe5 32. Nd5 Nxd5 33. Rxd5 Qf6 34. e5
dxe5 35. Re1 Rd8 36. Rdxe5 Rd7 37. R1e2 Rad8 38. Qe1 Rd3 39. R5e3 e6 40. Qf2 Qc3
41. Rxd3 Rxd3 42. Rc2 Qd4 43. Qxd4 Rxd4 44. Kf2 Ke7 45. Ke3 Rd1 46. c5 Kd7 47.
cxb6 axb6 48. Rd2+ Rxd2 49. Kxd2 Kc6 50. Kd3 b5 51. a3 h5 52. Kd4 f6 53. f4 Kb6
54. h3 h4 55. g4 Kc6 56. g5 e5+ 57. Ke4 exf4 58. gxf6 1-0

[Event "Reykjavik Open 2024"]
[Site "Reykjavik ISL"]
[Date "2024.03.19"]
[Round "7.98"]
[White "Dietzsch, Herbert"]
[Black "Geirsson, Kristjan"]
[Result "0-1"]
[WhiteElo "1998"]
[BlackElo "1819"]
[WhiteFideId "4608364"]
[BlackFideId "2313596"]
[EventDate "2024.03.15"]

1. e4 e5 2. Nf3 Nc6 3. Bc4 Nf6 4. d3 Bc5 5. c3 d6 6. Nbd2 Be6 7. O-O O-O 8. Re1
a6 9. a4 h6 10. Nf1 Ba7 11. Be3 Bxc4 12. dxc4 Bxe3 13. Rxe3 Ng4 14. Rd3 f5 15.
N1d2 Nf6 16. Qe2 f4 17. c5 Ne8 18. Nc4 Qf6 19. cxd6 cxd6 20. Rad1 Rd8 21. Qd2 g5
22. Nxd6 Nxd6 23. Rxd6 Rxd6 24. Qxd6 Rd8 25. Qd5+ Rxd5 26. exd5 Qd6 27. Rd2 Na5 0-1

[Event "Reykjavik Open 2024"]
[Site "Reykjavik ISL"]
[Date "2024.03.19"]
[Round "7.99"]
[White "Novak, Vjekoslav"]
[Black "Skaslien, Ingrid"]
[Result "0-1"]
[WhiteElo "1833"]
[BlackElo "1996"]
[WhiteFideId "14511584"]
[BlackFideId "1520660"]
[EventDate "2024.03.15"]

1. f4 d5 2. c4 c6 3. Nf3 g6 4. e3 Bg7 5. d4 Nh6 6. Qb3 O-O 7. Nc3 e6 8. Be2 dxc4
9. Bxc4 b5 10. Bd3 a5 11. O-O a4 12. Qc2 Qb6 13. Ne4 Na6 14. Bd2 Bb7 15. Ne5
Rfd8 16. Ng5 c5 17. Bxg6 hxg6 18. Nxg6 fxg6 19. Qxg6 Rd6 20. Bc3 cxd4 21. exd4
b4 22. Rae1 bxc3 23. f5 Qxd4+ 24. Kh1 exf5 25. Qh7+ Kf8 26. Rxf5+ Nxf5 27. Qxf5+
Bf6 28. Nh7+ Kg7 29. Nxf6 Qxf6 30. Qg4+ Kf8 31. bxc3 Rd2 0-1

[Event "Reykjavik Open 2024"]
[Site "Reykjavik ISL"]
[Date "2024.03.19"]
[Round "7.100"]
[White "Anishka, Vikram"]
[Black "Stuhr, Finn"]
[Result "1-0"]
[WhiteTitle "WCM"]
[WhiteElo "1995"]
[BlackElo "1814"]
[WhiteFideId "45013314"]
[BlackFideId "1400789"]
[EventDate "2024.03.15"]

1. d4 Nf6 2. c4 e6 3. Nc3 b6 4. a3 Bb7 5. d5 e5 6. e4 d6 7. Nf3 Nbd7 8. b4 a5 9.
Rb1 Be7 10. Bd3 O-O 11. O-O h6 12. Bd2 axb4 13. axb4 Bc8 14. Qc2 Re8 15. Ra1 Bb7
16. Na4 Ba6 17. Rfc1 Qc8 18. Ne1 g5 19. f3 c6 20. dxc6 Qxc6 21. b5 Qb7 22. bxa6
Rxa6 23. c5 b5 24. Nc3 Rxa1 25. Rxa1 b4 26. c6 Qb6+ 27. Kh1 Nc5 28. Na4 Qb8 29.
c7 Qb7 30. Rb1 b3 31. Nxc5 bxc2 32. Rxb7 1-0

[Event "Reykjavik Open 2024"]
[Site "Reykjavik ISL"]
[Date "2024.03.19"]
[Round "7.101"]
[White "Carr, Jay"]
[Black "Joel Paul Ganta"]
[Result "0-1"]
[BlackTitle "CM"]
[WhiteElo "1826"]
[BlackElo "1993"]
[WhiteFideId "30922690"]
[BlackFideId "35066145"]
[EventDate "2024.03.15"]

1. Nf3 Nf6 2. b3 g6 3. Bb2 Bg7 4. e3 c5 5. Be2 O-O 6. O-O Nc6 7. c4 d6 8. d4
cxd4 9. Nxd4 Bd7 10. Nc3 a6 11. Qd2 Rc8 12. Rad1 Re8 13. Rfe1 Qa5 14. Bf1 b5 15.
Nxc6 Bxc6 16. Ba1 b4 17. Ne2 e5 18. f3 d5 19. Nc1 Red8 20. Nd3 dxc4 21. Qxb4
Qxa2 22. Nxe5 Nd5 23. Qxc4 Bb5 24. Qe4 Bxf1 25. Kxf1 f5 26. Qd4 Rc2 27. e4 0-1

[Event "Reykjavik Open 2024"]
[Site "Reykjavik ISL"]
[Date "2024.03.19"]
[Round "7.102"]
[White "Thorisson, Benedikt"]
[Black "Arun, Nitish"]
[Result "0-1"]
[WhiteElo "1992"]
[BlackElo "1808"]
[WhiteFideId "2314576"]
[BlackFideId "2524201"]
[EventDate "2024.03.15"]

1. e4 e5 2. Nf3 Nc6 3. Bc4 Nf6 4. d3 Bc5 5. c3 d6 6. Nbd2 a6 7. Bb3 Ba7 8. h3
Ne7 9. O-O O-O 10. Re1 Ng6 11. Nf1 h6 12. d4 Qe7 13. Ng3 Be6 14. Nf5 Qd7 15. Bc2
Nxe4 16. Nxh6+ gxh6 17. Bxe4 f5 18. Bc2 e4 19. Nh2 Qg7 20. Qh5 Kh7 21. Nf1 Rg8
22. Ng3 Raf8 23. Bb3 d5 24. Bg5 f4 25. Nf1 Rf5 26. h4 Nxh4 27. Qxh4 Rxg5 28. g3
Rg4 29. Qh2 c5 30. Bd1 Rg5 31. Qh4 Bb8 32. Bc2 Rg4 33. Qh5 Rg5 34. Qh4 Qf7 35.
Qh1 fxg3 36. Bxe4+ dxe4 37. Qxe4+ Bf5 38. Qe7 gxf2+ 39. Kxf2 Rg2+ 40. Kf3 Be4+ 0-1

[Event "Reykjavik Open 2024"]
[Site "Reykjavik ISL"]
[Date "2024.03.19"]
[Round "7.103"]
[White "Baldursson, Rani"]
[Black "Briem, Gudrun Fanney"]
[Result "1-0"]
[WhiteElo "1989"]
[BlackElo "1806"]
[WhiteFideId "7200668"]
[BlackFideId "2317486"]
[EventDate "2024.03.15"]

1. e4 c6 2. d4 d5 3. f3 dxe4 4. fxe4 e5 5. Nf3 Be6 6. Nbd2 Nd7 7. Bc4 exd4 8.
O-O Be7 9. e5 Nc5 10. Qe2 Qd7 11. b4 Na4 12. Ne4 O-O-O 13. Bg5 Bxc4 14. Qxc4 f6
15. exf6 gxf6 16. b5 Nb6 17. bxc6 Qxc6 18. Qxc6+ bxc6 19. Bf4 h5 20. Rab1 Rh7
21. a4 Nh6 22. a5 Nd7 23. Nxd4 Ne5 24. Bxe5 fxe5 25. Nxc6 Kc7 26. Nxd8 Bxd8 27.
Rfd1 Rf7 28. a6 Kc6 29. Rxd8 1-0

[Event "Reykjavik Open 2024"]
[Site "Reykjavik ISL"]
[Date "2024.03.19"]
[Round "7.104"]
[White "Nicholson, Devin"]
[Black "Heer, Stephan"]
[Result "1-0"]
[WhiteElo "1822"]
[BlackElo "1987"]
[WhiteFideId "2645394"]
[BlackFideId "1302345"]
[EventDate "2024.03.15"]

1. e4 c5 2. Nf3 d6 3. d4 cxd4 4. Nxd4 Nf6 5. Nc3 a6 6. h3 e5 7. Nf3 Be7 8. g4 h6
9. Rg1 b5 10. g5 hxg5 11. Nxg5 Bb7 12. a4 b4 13. Bc4 bxc3 14. Bxf7+ Kd7 15. bxc3
Rh4 16. Be3 Qa5 17. Qd3 Nxe4 18. Rb1 Bc6 19. Nxe4 Rxe4 20. Rxg7 Qd8 21. Rg8 Bf8
22. Kd2 Qe7 23. Bd5 Rxe3 24. fxe3 Kc7 25. Rf1 Nd7 26. Qc4 Nc5 27. Rf7 Bxd5 28.
Rxe7+ Bxe7 29. Qxd5 Rxg8 30. Qxg8 Ne4+ 31. Kc1 1-0

[Event "Reykjavik Open 2024"]
[Site "Reykjavik ISL"]
[Date "2024.03.19"]
[Round "7.105"]
[White "Kristinsson, Magnus"]
[Black "Larson, Gerald"]
[Result "1/2-1/2"]
[WhiteElo "1810"]
[BlackElo "1987"]
[WhiteFideId "2305682"]
[BlackFideId "2018756"]
[EventDate "2024.03.15"]

1. e4 e5 2. d4 exd4 3. Qxd4 Nc6 4. Qe3 g6 5. h4 h5 6. Bc4 Nf6 7. Nf3 d6 8. Ng5
Ne5 9. Bb3 Nfg4 10. Qe2 f6 11. Nh3 Qe7 12. Nc3 c6 13. f3 Nh6 14. Nf4 Nhf7 15.
Be3 Bh6 16. O-O Bd7 17. Qd2 Bxf4 18. Bxf7+ Qxf7 19. Bxf4 O-O-O 20. Qxd6 Bh3 21.
Qa3 Bxg2 22. Qxa7 Bxf1 23. Qa8+ Kc7 24. Qa5+ Kc8 25. Qa8+ Kc7 26. Qa5+ 1/2-1/2

[Event "Reykjavik Open 2024"]
[Site "Reykjavik ISL"]
[Date "2024.03.19"]
[Round "7.106"]
[White "Omarsson, Josef"]
[Black "Nolsoe, Rani"]
[Result "1-0"]
[WhiteElo "1803"]
[BlackElo "1986"]
[WhiteFideId "2316102"]
[BlackFideId "7200064"]
[EventDate "2024.03.15"]

1. d4 Nf6 2. c4 e5 3. dxe5 Ng4 4. Nf3 Bc5 5. e3 Nc6 6. a3 a5 7. Qd5 Qe7 8. Nc3
Ngxe5 9. Ne4 Nxf3+ 10. gxf3 Ba7 11. Rg1 O-O 12. f4 d6 13. Bd3 Be6 14. Qh5 f5 15.
Ng5 h6 16. Nxe6 Qxe6 17. Bd2 Rae8 18. O-O-O Kh7 19. Rxg7+ Kxg7 20. Bc3+ Nd4 21.
exd4 d5 22. Rg1+ Kh7 23. Rg5 Rf6 24. Bxf5+ Rxf5 25. Rxf5 Rg8 26. Qf7+ Qxf7 27.
Rxf7+ Rg7 28. Rxg7+ Kxg7 29. cxd5 Bb6 30. Kc2 Kf6 31. Kd3 Kf5 32. Bd2 c6 33.
dxc6 bxc6 34. f3 h5 35. Be3 Bc7 36. b3 h4 37. Ke2 Bd6 38. Bc1 Bc7 39. Kf2 Bd6
40. Kg2 Be7 41. Kh3 Bf6 42. Be3 Be7 43. a4 Bf6 44. Bd2 Bd8 45. Be1 Kxf4 46. Bxh4
Bb6 47. Kg2 Bxd4 48. Bf2 Bc3 49. Bb6 Be1 50. Kf1 Bd2 51. Ke2 Bb4 52. Bc7+ Kf5
53. Bg3 Be7 54. Bc7 Bb4 55. Bd8 Bc3 56. h4 Bb4 57. Bg5 Bd6 58. Kd3 Bf8 59. Bd2
Be7 60. h5 Bd8 61. h6 Kg6 62. Ke4 Bc7 63. Bf4 Bd8 64. Bd2 Bc7 65. Kd4 Bb6+ 66.
Ke5 Bc7+ 67. Ke6 1-0

[Event "Reykjavik Open 2024"]
[Site "Reykjavik ISL"]
[Date "2024.03.19"]
[Round "7.107"]
[White "Petursson, Gudni"]
[Black "Hermannsson, Sigurbjorn"]
[Result "1/2-1/2"]
[WhiteElo "1983"]
[BlackElo "1791"]
[WhiteFideId "2301725"]
[BlackFideId "2325128"]
[EventDate "2024.03.15"]

1. d4 Nf6 2. c4 g6 3. Nc3 Bg7 4. e4 d6 5. f4 O-O 6. Nf3 c5 7. d5 e6 8. Bd3 exd5
9. cxd5 Re8 10. O-O Bg4 11. h3 Bxf3 12. Qxf3 Nbd7 13. a4 a6 14. a5 b5 15. axb6
Qxb6 16. Kh2 Rec8 17. Bc4 Re8 18. Qd3 a5 19. Ra3 h5 20. Rb3 Qd8 1/2-1/2

[Event "Reykjavik Open 2024"]
[Site "Reykjavik ISL"]
[Date "2024.03.19"]
[Round "7.108"]
[White "Kononova, Alina"]
[Black "Manukonda, Arun"]
[Result "0-1"]
[WhiteElo "1807"]
[BlackElo "1974"]
[WhiteFideId "14137593"]
[BlackFideId "5080789"]
[EventDate "2024.03.15"]

1. e4 c5 2. Nf3 d6 3. d4 cxd4 4. Nxd4 Nf6 5. Nc3 a6 6. g3 Nc6 7. Bg2 e5 8. Nde2
Be7 9. O-O Bg4 10. Be3 Rc8 11. h3 Be6 12. Nd5 Bxd5 13. exd5 Nb8 14. a4 O-O 15.
g4 h5 16. Ng3 hxg4 17. hxg4 Rc4 18. Bf3 Qd7 19. b3 Rxg4 20. Bxg4 Nxg4 21. Qd2 f5
22. f4 Rf6 23. fxe5 dxe5 24. Bg5 Bc5+ 25. Kg2 f4 26. Bxf6 Ne3+ 27. Kf3 Qg4+ 28.
Ke4 f3+ 0-1

[Event "Reykjavik Open 2024"]
[Site "Reykjavik ISL"]
[Date "2024.03.19"]
[Round "7.109"]
[White "Gurner, Jem"]
[Black "Wedenberg, Oliver"]
[Result "1-0"]
[WhiteTitle "CM"]
[WhiteElo "1968"]
[BlackElo "1780"]
[WhiteFideId "67600280"]
[BlackFideId "1767909"]
[EventDate "2024.03.15"]

1. d4 Nf6 2. c4 c5 3. d5 e6 4. Nc3 exd5 5. cxd5 d6 6. e4 g6 7. f4 Bg7 8. Bb5+
Nfd7 9. Be2 O-O 10. Nf3 Na6 11. O-O Nc7 12. Bd2 a6 13. a4 Rb8 14. Be1 b5 15. e5
dxe5 16. d6 Ne6 17. Bh4 Qb6 18. Nd5 Qb7 19. axb5 axb5 20. fxe5 Nxe5 21. Nxe5
Bxe5 22. Bf3 Qd7 23. Nf6+ Bxf6 24. Bxf6 Nd4 25. Bxd4 cxd4 26. Qxd4 Rd8 27. Bd5
Rb7 28. Qf6 Rf8 29. Rae1 Qd8 30. Re7 Rxe7 31. dxe7 Qxd5 32. Qh8+ Kxh8 33.
exf8=Q# 1-0

[Event "Reykjavik Open 2024"]
[Site "Reykjavik ISL"]
[Date "2024.03.19"]
[Round "7.110"]
[White "MacArthur, John"]
[Black "Hu, Zhening"]
[Result "1/2-1/2"]
[WhiteElo "1962"]
[BlackElo "1776"]
[WhiteFideId "2005352"]
[BlackFideId "8622795"]
[EventDate "2024.03.15"]

1. c4 e6 2. Nc3 d5 3. d4 Nf6 4. cxd5 exd5 5. Bg5 Be7 6. e3 c6 7. Qc2 O-O 8. Bd3
Nbd7 9. Nge2 Re8 10. O-O Nf8 11. Rab1 a5 12. a3 g6 13. b4 Ne6 14. Bxf6 Bxf6 15.
Na4 axb4 16. axb4 b5 17. Nc5 Nxc5 18. Qxc5 Bd7 19. Ra1 Be7 20. Qc3 Qb6 21. Rfb1 1/2-1/2

[Event "Reykjavik Open 2024"]
[Site "Reykjavik ISL"]
[Date "2024.03.19"]
[Round "7.111"]
[White "Muller, Maxime"]
[Black "Banta, Robert Lance"]
[Result "1-0"]
[WhiteElo "1961"]
[BlackElo "1755"]
[WhiteFideId "26088533"]
[BlackFideId "39908682"]
[EventDate "2024.03.15"]

1. d4 Nf6 2. c4 e6 3. g3 d5 4. Nf3 Bb4+ 5. Bd2 Bxd2+ 6. Nbxd2 O-O 7. Bg2 c6 8.
O-O Nbd7 9. Qc2 b6 10. e4 dxe4 11. Nxe4 Nxe4 12. Qxe4 Bb7 13. Ne5 Nxe5 14. dxe5
Qc7 15. Rfd1 Rad8 16. b4 Rxd1+ 17. Rxd1 Rd8 18. Rd4 g6 19. Qd3 Rxd4 20. Qxd4 Qe7
21. Qd6 Qe8 22. b5 1-0

[Event "Reykjavik Open 2024"]
[Site "Reykjavik ISL"]
[Date "2024.03.19"]
[Round "7.112"]
[White "He, Junchen"]
[Black "Winnubst, Paul"]
[Result "1/2-1/2"]
[WhiteElo "1956"]
[BlackElo "1681"]
[WhiteFideId "8642427"]
[BlackFideId "40101460"]
[EventDate "2024.03.15"]

1. e4 c5 2. Nf3 e6 3. d3 Nc6 4. g3 d5 5. Qe2 Be7 6. Bg2 Nf6 7. O-O O-O 8. e5 Nd7
9. c4 d4 10. h4 Qc7 11. Bf4 Rb8 12. a4 a6 13. Nbd2 b5 14. axb5 axb5 15. b3 bxc4
16. dxc4 Na5 17. Ra3 Bb7 18. Qd3 Bc6 19. Rfa1 Ra8 20. Ne4 h6 21. Ned2 Rfb8 1/2-1/2

[Event "Reykjavik Open 2024"]
[Site "Reykjavik ISL"]
[Date "2024.03.19"]
[Round "7.113"]
[White "Johannsson, Markus Orri"]
[Black "Thorsteinsdottir, Hallgerdur"]
[Result "1/2-1/2"]
[BlackTitle "WFM"]
[WhiteElo "1758"]
[BlackElo "1953"]
[WhiteFideId "2318539"]
[BlackFideId "2302454"]
[EventDate "2024.03.15"]

1. e4 c6 2. d4 d5 3. exd5 cxd5 4. Bd3 Nc6 5. c3 Nf6 6. h3 g6 7. Nf3 Bf5 8. O-O
Bxd3 9. Qxd3 Bg7 10. Bf4 O-O 11. Nbd2 Nh5 12. Bh2 Qd7 13. Rfe1 a6 14. Rad1 Rfe8
15. Ne5 Qf5 16. Ndf3 Qxd3 17. Nxd3 e6 18. Nfe5 Nxe5 19. dxe5 Bf8 20. g4 Ng7 21.
Bf4 Be7 22. Be3 Rec8 23. a4 Rc4 24. a5 h5 25. Bd4 Rac8 26. b4 hxg4 27. hxg4 Ne8
28. Nb2 R4c6 29. Na4 Nc7 30. Bc5 Bxc5 31. Nxc5 Nb5 32. Re3 R6c7 33. Kg2 Kg7 34.
Rh1 Rh8 35. Rxh8 Kxh8 36. f4 Kg7 37. Kf3 d4 38. cxd4 Nxd4+ 39. Ke4 Nc6 40. Rb3
Ne7 41. Rd3 Nd5 42. Rd4 Ne7 1/2-1/2

[Event "Reykjavik Open 2024"]
[Site "Reykjavik ISL"]
[Date "2024.03.19"]
[Round "7.114"]
[White "Wallasch, Stefan"]
[Black "Cansdale, Zach"]
[Result "0-1"]
[WhiteElo "1777"]
[BlackElo "1951"]
[WhiteFideId "34646043"]
[BlackFideId "343409024"]
[EventDate "2024.03.15"]

1. f4 d5 2. Nf3 Nf6 3. e3 g6 4. c4 c6 5. Nc3 Bg7 6. d4 O-O 7. Be2 dxc4 8. Bxc4
Nbd7 9. O-O b5 10. Bd3 e6 11. Ne5 Bb7 12. Qe1 a6 13. b4 a5 14. Rb1 axb4 15. Rxb4
Nb6 16. Bc2 Nbd5 17. Nxd5 cxd5 18. a4 Qc7 19. Qe2 bxa4 20. Rxa4 Rxa4 21. Bxa4
Ne4 22. Bb2 Ra8 23. Rc1 Qb6 24. Qb5 Qxb5 25. Bxb5 Ra2 26. Rc2 Bxe5 27. fxe5 Ba6
28. Bxa6 Rxa6 29. Rc8+ Kg7 30. h3 h5 31. Rb8 g5 32. Rb7 Kg6 33. Rb8 Nd2 34. Bc3
Nc4 35. Rg8+ Kf5 36. Rf8 Ra7 37. Bb4 Nxe3 38. Bc5 Rb7 39. Ba3 Ke4 40. Bc5 Nf5
41. Rg8 Rb1+ 42. Kf2 Ng3 0-1

[Event "Reykjavik Open 2024"]
[Site "Reykjavik ISL"]
[Date "2024.03.19"]
[Round "7.115"]
[White "Hennig, Konrad"]
[Black "Atharva M Parulekar"]
[Result "0-1"]
[WhiteElo "1946"]
[BlackElo "1580"]
[WhiteFideId "34622519"]
[BlackFideId "35007190"]
[EventDate "2024.03.15"]

1. d4 d5 2. Nf3 Nf6 3. c4 e6 4. Nc3 Nbd7 5. Bf4 c6 6. Qb3 Qb6 7. c5 Qxb3 8. axb3
Be7 9. b4 Nf8 10. b5 Ng6 11. Bg3 Bd7 12. bxc6 bxc6 13. h3 Ne4 14. Nxe4 dxe4 15.
Nd2 f5 16. e3 e5 17. dxe5 Bxc5 18. Ba6 O-O 19. O-O Rae8 20. Nc4 f4 21. exf4 Nxf4
22. Rae1 Nd3 23. Rxe4 Bf5 24. Nd2 Nb4 25. Bc4+ Kh8 26. Re2 Nc2 27. Ne4 Nd4 28.
Nxc5 Nxe2+ 29. Bxe2 Rd8 30. Rd1 Rxd1+ 31. Bxd1 Rb8 32. b3 Rb5 33. Na4 Be6 34.
Bf3 c5 35. Be2 Ra5 36. Nxc5 Rxc5 37. b4 Rc2 38. Ba6 Rb2 39. b5 Kg8 40. f4 Bd5
41. Bf2 g6 42. g4 Rb1+ 43. Kh2 Rb2 44. Kg3 Rb3+ 45. Kh2 Rb2 46. Kg3 Rb3+ 47. Kh4
h6 48. Bxa7 Bg2 49. g5 0-1

[Event "Reykjavik Open 2024"]
[Site "Reykjavik ISL"]
[Date "2024.03.19"]
[Round "7.116"]
[White "Pointier, Pierre"]
[Black "Haugen, Lars Tormod"]
[Result "0-1"]
[WhiteElo "1698"]
[BlackElo "1945"]
[WhiteFideId "343104638"]
[BlackFideId "1559966"]
[EventDate "2024.03.15"]

1. d4 Nf6 2. Nf3 c5 3. c3 g6 4. Bf4 Bg7 5. e3 O-O 6. h3 d6 7. Bd3 cxd4 8. exd4
Nc6 9. O-O Re8 10. Re1 e5 11. dxe5 dxe5 12. Nxe5 Nh5 13. Nxc6 Rxe1+ 14. Qxe1
bxc6 0-1

[Event "Reykjavik Open 2024"]
[Site "Reykjavik ISL"]
[Date "2024.03.19"]
[Round "7.117"]
[White "Gudjonsson, Anton Vignir"]
[Black "Speck, Stefan"]
[Result "0-1"]
[WhiteElo "1643"]
[BlackElo "1921"]
[WhiteFideId "2323664"]
[BlackFideId "4639219"]
[EventDate "2024.03.15"]

1. d4 d5 2. Bf4 c6 3. c3 Nf6 4. Nf3 g6 5. e3 Nh5 6. Be5 Bg7 7. Bxg7 Nxg7 8. Nbd2
O-O 9. Bd3 Bf5 10. Qc2 Nd7 11. O-O Bxd3 12. Qxd3 e6 13. Rfe1 Nf6 14. h3 Qb6 15.
b3 a5 16. c4 Qa6 17. Qc2 Rfd8 18. Ne5 Nd7 19. Nxd7 Rxd7 20. Nf3 Rdd8 21. Ne5 Ne8
22. c5 Nf6 23. Qd1 Nd7 24. Nxd7 Rxd7 25. Qc2 Re8 26. Rad1 Qa8 27. Qc3 Qd8 28. a4
Qc7 29. b4 axb4 30. Qxb4 e5 31. Ra1 exd4 32. exd4 Rxe1+ 33. Rxe1 Re7 34. Rb1 Kg7
35. a5 Qc8 36. Ra1 h5 37. Qd2 Qe8 38. Kf1 Qb8 39. Qb2 Qh2 40. f3 Qf4 41. Qf2 Qf5
42. Kg1 Qd3 43. Ra2 Qb1+ 44. Kh2 Re1 45. Qd2 h4 0-1

[Event "Reykjavik Open 2024"]
[Site "Reykjavik ISL"]
[Date "2024.03.19"]
[Round "7.120"]
[White "Brynjarsson, Orvar Holm"]
[Black "Heidarsson, Mikael Bjarki"]
[Result "0-1"]
[WhiteElo "1645"]
[BlackElo "1913"]
[WhiteFideId "2321726"]
[BlackFideId "2317532"]
[EventDate "2024.03.15"]

1. e4 c5 2. Nf3 d6 3. d4 cxd4 4. Nxd4 Nf6 5. Nc3 a6 6. h3 e5 7. Nf3 h5 8. Bc4
Be7 9. Ng5 O-O 10. Be3 b5 11. Bb3 Bb7 12. Qf3 Nbd7 13. O-O-O Nb6 14. Ne2 Nc4 15.
Ng3 Nxe3 16. Qxe3 a5 17. a3 b4 18. a4 d5 19. Nf5 d4 20. Qg3 Nd5 21. Ne6 Bg5+ 22.
Nxg5 Nf4 23. Rhe1 Qf6 24. Qh4 g6 25. Nh6+ Kg7 26. Ng4 Qd8 27. Bxf7 Rxf7 28. Ne6+
Nxe6 29. Qxd8 Rxd8 30. Nxe5 Rxf2 0-1

[Event "Reykjavik Open 2024"]
[Site "Reykjavik ISL"]
[Date "2024.03.19"]
[Round "7.122"]
[White "Held, Jesper"]
[Black "Rittmann, Dirk"]
[Result "1/2-1/2"]
[WhiteElo "1793"]
[BlackElo "2103"]
[WhiteFideId "1092146"]
[BlackFideId "4629574"]
[EventDate "2024.03.15"]

1. e4 c5 2. Nf3 d6 3. d4 cxd4 4. Nxd4 Nf6 5. Nc3 a6 6. Rg1 e5 7. Nb3 b5 8. a3 h6
9. g4 Bb7 10. Bg2 Nbd7 11. g5 hxg5 12. Bxg5 Rxh2 13. Qd3 Qb6 14. Qg3 Rh7 15.
O-O-O Be7 16. Bxf6 Bxf6 17. Rgf1 O-O-O 1/2-1/2

[Event "Reykjavik Open 2024"]
[Site "Reykjavik ISL"]
[Date "2024.03.19"]
[Round "7.123"]
[White "Reimer, Philip"]
[Black "Rajendran, Ishaan"]
[Result "1-0"]
[WhiteElo "2095"]
[BlackElo "1806"]
[WhiteFideId "16235860"]
[BlackFideId "39910032"]
[EventDate "2024.03.15"]

1. e4 c6 2. d4 d5 3. e5 c5 4. Nf3 Nc6 5. dxc5 e6 6. a3 Bxc5 7. b4 Bb6 8. Bb2
Nge7 9. Bd3 Ng6 10. O-O O-O 11. Nbd2 Bc7 12. Re1 b6 13. c4 dxc4 14. Nxc4 Bb7 15.
Be4 Qxd1 16. Raxd1 Rad8 17. Rc1 Nf4 18. b5 Na5 19. Nxa5 Bxe4 20. Rxe4 Nd3 21.
Rxc7 Nxb2 22. Nc6 Rd5 23. Ne7+ Kh8 24. Nxd5 1-0

[Event "Reykjavik Open 2024"]
[Site "Reykjavik ISL"]
[Date "2024.03.19"]
[Round "7.124"]
[White "Kolka, David"]
[Black "Zarriess, Benjamin"]
[Result "1-0"]
[WhiteElo "2030"]
[BlackElo "1798"]
[WhiteFideId "2308010"]
[BlackFideId "34606645"]
[EventDate "2024.03.15"]

1. Nf3 d5 2. g3 Nf6 3. Bg2 e6 4. O-O Be7 5. d3 O-O 6. Nbd2 Nc6 7. b3 e5 8. e4
dxe4 9. dxe4 Bg4 10. h3 Bxf3 11. Nxf3 Qxd1 12. Rxd1 Rad8 13. Bb2 Bd6 14. Ne1
Rfe8 15. Nd3 Nd7 16. Bf1 h6 17. c3 Nf6 18. f3 Nd7 19. Kg2 Nc5 20. Nxc5 Bxc5 21.
Bb5 f6 22. Kf1 a6 23. Bc4+ Kf8 24. Bd5 Bd6 25. Rd3 Na5 26. Rad1 Ke7 27. b4 Nc6
28. a3 Rb8 29. c4 Kf8 30. c5 Be7 31. Be6 Nd4 32. Bxd4 exd4 33. Bd7 Red8 34. Rxd4
Kf7 35. f4 Kf8 36. Ke2 a5 37. Kf3 axb4 38. axb4 Ra8 39. R1d3 Kf7 40. e5 fxe5 41.
fxe5 Kf8 42. h4 Kg8 43. Ke4 Kf8 44. Rf3+ Kg8 45. Be6+ Kh8 46. Rxd8+ Rxd8 47. Rf7
Bf8 48. Rxc7 Rb8 49. Rc8 Rxc8 50. Bxc8 b6 51. cxb6 Bxb4 52. b7 1-0

[Event "Reykjavik Open 2024"]
[Site "Reykjavik ISL"]
[Date "2024.03.19"]
[Round "7.125"]
[White "Bertola, Georges"]
[Black "Visser, Wouter"]
[Result "1/2-1/2"]
[WhiteElo "2010"]
[BlackElo "1789"]
[WhiteFideId "1307967"]
[BlackFideId "1082566"]
[EventDate "2024.03.15"]

1. e4 c6 2. d4 d5 3. exd5 cxd5 4. Bd3 Nc6 5. c3 Qc7 6. h3 Nf6 7. Nf3 h6 8. Qe2
e6 9. O-O Bd6 10. Re1 O-O 11. Nbd2 a6 12. Ne5 b5 13. a3 Bb7 14. Ndf3 Rfe8 15.
Nxc6 Bxc6 16. Ne5 1/2-1/2

[Event "Reykjavik Open 2024"]
[Site "Reykjavik ISL"]
[Date "2024.03.19"]
[Round "7.126"]
[White "Opasiak, Dustin Tennessee"]
[Black "Ostensson, Julia"]
[Result "0-1"]
[WhiteElo "1785"]
[BlackElo "1996"]
[WhiteFideId "24630217"]
[BlackFideId "1747703"]
[EventDate "2024.03.15"]

1. e4 c5 2. Nc3 e6 3. g3 d5 4. exd5 exd5 5. d4 cxd4 6. Qxd4 Nf6 7. Bg5 Be7 8.
O-O-O O-O 9. Nxd5 Nxd5 10. Bxe7 Qxe7 11. Qxd5 Nc6 12. Bh3 Rd8 13. Qh5 Be6 14. a3
Nd4 15. Ne2 Rd5 0-1